Zodpovednosť premenená na činy dneška Prehľad mládežníckych udalostí roku 1984 ; Pavol Komár, Viera Dobiašová, Dušan Petrák, Jarmila Horáková, Miloslava Necpálová, Ida Bibelová, Ján Škoda, Imrich Demovič, Emil Lemanco

Bibliographic Details
Main Authors: Komár, Pavol (Author), Dobiašová, Viera (Author), Petrák, Dušan (Author), Horáková, Jarmila (Author), Necpalová, Miloslava, 1954- (Author), Bibelová, Ida (Author), Škoda, Ján (Author), Demovič, Imrich, 1946-1995 (Author), Lemanco, Emil (Author)
Format: Article
Language:Slovak
PhysicalDescription:Obr. 2.
Subjects:

MARC

LEADER 00000nab a2200000 a 4500
001 vtls000201344
003 SK-MaSNL
005 20260426101847.0
008 111130c1984 xo 0 slo
015 |a SNBRB19rr/mm-uuuuu 
035 |a CL0211457 
040 |a SNKBUCL  |b slo  |c SNKBUCL  |e AACR2 
041 0 |a slo 
044 |a xo  |c SK 
080 |a 329.78(437)SZM  |2 1981 
080 |a 329.78(437)PO SZM  |2 1981 
245 0 0 |a Zodpovednosť premenená na činy dneška  |b Prehľad mládežníckych udalostí roku 1984 ; Pavol Komár, Viera Dobiašová, Dušan Petrák, Jarmila Horáková, Miloslava Necpálová, Ida Bibelová, Ján Škoda, Imrich Demovič, Emil Lemanco 
300 |b Obr. 2. 
610 2 7 |a Socialistický zväz mládeže  |2 snkbucl  |9 51618 
650 0 7 |a pionierska organizácia  |2 snkbucl  |9 53180 
655 7 |a články z novín a časopisov  |2 snkbucl  |9 267496 
700 1 |a Komár, Pavol  |4 aut  |9 625609 
700 1 |a Dobiašová, Viera  |4 aut  |9 7102 
700 1 |a Petrák, Dušan  |4 aut  |9 349279 
700 1 |a Horáková, Jarmila  |4 aut  |9 354683 
700 1 |a Necpalová, Miloslava,  |d 1954-  |4 aut  |9 119905 
700 1 |a Bibelová, Ida  |4 aut  |9 363657 
700 1 |a Škoda, Ján  |4 aut  |9 396537 
700 1 |a Demovič, Imrich,  |d 1946-1995  |4 aut  |9 192642 
700 1 |a Lemanco, Emil  |4 aut  |9 1584579 
773 0 |t Smena  |g Roč. 37, č. 306 (28. 12. 1984), s. 5 
850 |a Slovenská národná knižnica v Martine  |a MTA001 
852 |a SNK  |b KIS3GCP 
958 |a RK 
992 |a RBX 
999 |c 3241513  |d 3243443